| 000 | 00825cam a22002653a 4500 | ||
|---|---|---|---|
| 001 | 31610 | ||
| 003 | PGUSA | ||
| 005 | 20140828083701.0 | ||
| 008 | 100312s2010||||xxu|||||s|||||000 | eng d | ||
| 040 |
_aPGUSA _beng |
||
| 042 | _adc | ||
| 050 | 4 | _aF1201 | |
| 100 | 1 |
_aBrinton, Daniel G. _q(Daniel Garrison), _d1837-1899 |
|
| 245 | 1 | 4 |
_aThe Books of Chilan Balam : _bThe Prophetic and Historic Records of the Mayas of Yucatan _h[electronic resource] / _cDaniel G. Brinton |
| 260 |
_bProject Gutenberg, _c2010 |
||
| 506 | _aPublic domain in the USA. | ||
| 516 | _aElectronic text | ||
| 653 | _aBooks of Chilam Balam | ||
| 653 | _aManuscripts, Maya | ||
| 653 | _aMaya calendar | ||
| 653 | _aMayas -- Antiquities | ||
| 830 | 0 |
_aProject Gutenberg _v31610 |
|
| 856 | 4 | 0 | _uhttp://www.gutenberg.org/ebooks/31610 |
| 942 | _cEB | ||
| 999 |
_c260865 _d260865 |
||